[Event "Sao Jose dos Campos op"]
[Site "Sao Jose dos Campos"]
[Date "2022.09.09"]
[Round "3"]
[White "De Almeida, Maycon Wilham"]
[Black "Claudino, Ariel Silva"]
[Result "1-0"]
[WhiteElo "1800"]
[BlackElo "1697"]
[PlyCount "93"]
[EventDate "2022.09.08"]
[EventType "swiss"]
[EventRounds "7"]
[EventCountry "BRA"]
[SourceTitle "CBM 210 Extra"]
[Source "ChessBase"]
[SourceDate "2022.11.30"]
[SourceVersion "1"]
[SourceVersionDate "2022.11.30"]
[SourceQuality "1"]

1. d4 Nf6 2. c4 g6 3. g3 Bg7 4. Bg2 d5 5. cxd5 Nxd5 6. Nf3 0-0 7. 0-0 Nf6 8. Nc3 Bf5 9. Re1 c6 10. e4 Be6 11. Be3 Nbd7 12. h3 Nb6 13. Ng5 Qc8 14. Nxe6 Qxe6 15. d5 cxd5 16. exd5 Qd7 17. Qb3 Nc8 18. Na4 b6 19. d6 Nxd6 20. Bxa8 Rxa8 21. Kh2 h5 22. Bg5 Nfe4 23. Qd5 Rd8 24. Rxe4 Nxe4 25. Qxe4 f6 26. Be3 f5 27. Qc4+ Kh7 28. Nc3 Rc8 29. Qd5 Qxd5 30. Nxd5 e6 31. Nc3 Bxc3 32. Rc1 Rc4 33. Rxc3 Ra4 34. a3 Kg8 35. Rc8+ Kf7 36. Ra8 Ra6 37. h4 e5 38. Kg2 Ke6 39. Re8+ Kd5 40. Kf3 Ra4 41. Rc8 b5 42. Rc5+ Ke6 43. Rxb5 a6 44. Rb6+ Kf7 45. Bd2 Rd4 46. Bc3 Rd3+ 47. Ke2 1-0